000 00309nam a22001457a 4500
003 SGT
082 _a615.53
_bC10S
100 _aSHARMA, ANANTRAM
245 _a CHARAK SAMHITA
250 _a1ST
260 _aVARANASI
_bCHAUKHAMBHA PUB
_c2010
300 _a392
650 _aCHARAK SAMHITA
942 _2ddc
_cBK
_05
999 _c8727
_d8727